000 01438nam a2200325 a 4500
001 000017858
003 DO-SdBNP
005 20250130140722.0
008 100406s1994 dr 001 0 spa d
040 _aDO-SdBNP
_bspa
_cBNPHU
082 _a972.9304
_bG934s, 1994
245 0 0 _aGuerra de la separación dominicana :
_bdocumentos para su historia /
_ccoleccionados y ampliados con notas José Gabriel García ; prólogo Jorge Tena Reyes.
250 _a2a ed.
264 1 _aSanto Domingo :
_bSecretaría de Estado de Educación, Bellas Artes y Cultos,
_c1994.
300 _a143 p. ;
_c24 cm.
490 1 _aPublicaciones del sesquicentenario de la independencia nacional.
500 _aIncluye índice onomástico
500 _aIncluye notas al pie de las páginas.
590 _aInventariado, 2020/YL
650 4 _aAutodeterminación nacional
_zRepública Dominicana
_938769
651 0 _aRepública Dominicana --
_xHistoria --
_y1844-1930
_91009
651 4 _aRepública Dominicana
_xHistoria Militar
_92806
651 4 _aHaiti
_xHistoria Militar
_938770
700 1 2 _aGarcía, José Gabriel,
_d1834-1910
_ecomp.
_926153
700 1 2 _aTena Reyes, Jorge,
_epról.
_98252
710 1 _aRepública Dominicana.
_bSecretaría de Estado de Educación, Bellas Artes y Cultos
_923965
830 0 _aPublicaciones del sesquicentenario de la independencia nacional.
_938771
910 _aValidado. Control de calidad MFF
942 _2ddc
_cLBS1
999 _c17382
_d17382